Psicodelicias : descubra los beneficios para la salud de estos productos naturales /

Argumentación en defensa de la ayuda que el café, el chocolate, el chile, el kava kava y la marihuana pueden prestar a la salud mental y física. Es narrado el origen y primeros usos (rituales, alimenticios o terapéuticos) de cada una de ellas, el procesamiento al que han sido sujetas y las formas co...

Descripció completa

Guardat en:
Dades bibliogràfiques
Autor principal: Kilham, Chris (autor)
Format: Llibre
Idioma:espanyol
Publicat: México : Alamah, 2002, c2002
Col·lecció:(Naturismo)
Matèries:
Etiquetes: Afegir etiqueta
Sense etiquetes, Sigues el primer a etiquetar aquest registre!

MARC

LEADER 00000nam^a2200000^a^4500
001 000146851
005 20250521000000.0
009 20260310095926.167
020 |a 968-19-1141-5 
037 |a Acervo ITESO - Biblioteca 
041 |a ESP 
082 |a 615. 321  |b KIL 
100 |a Kilham, Chris  |e (autor) 
245 1 0 |a Psicodelicias :  |b descubra los beneficios para la salud de estos productos naturales /  |c C. Kilham ; tr. por Martín Mohedano Caballero. 
264 4 |a México :  |b Alamah,  |c 2002, c2002 
300 |a 253 p. 
336 |a texto  |b txt  |2 rdacontenido 
337 |a sin mediación  |b n  |2 rdamedio 
338 |a volumen  |b nc  |2 rdasoporte 
440 1 |a (Naturismo) 
500 |a Traducción de: Psyche Delicacies 
520 |a Argumentación en defensa de la ayuda que el café, el chocolate, el chile, el kava kava y la marihuana pueden prestar a la salud mental y física. Es narrado el origen y primeros usos (rituales, alimenticios o terapéuticos) de cada una de ellas, el procesamiento al que han sido sujetas y las formas como han rebasado las fronteras de sus respectivas tierras natales. La exposición es complementada con entrevistas a lugareños de los sitios de origen de las plantas y a científicos, quienes ofrecen sus conocimientos y recomendaciones. 
649 |a XX 
650 |a Café 
650 |a Chocolate 
650 |a Cacao 
650 |a Chile (Verdura) 
650 |a Marihuana 
650 |a Narcóticos 
650 |a Estimulantes -  |x Tema Principal 
650 |a Hipnóticos 
650 |a Plantas Medicinales 
650 |a Productos Naturales -  |x Tema Principal 
650 |a Medicina Alternativa 
650 |a Medicina Popular 
910 |a Fondo General 
920 |a Impresos - Libros 
930 |a Colección General 
905 |a 101 
901 |a 0500076594  |b IT1  |c ACC  |u 20250521 
902 |a https://opac.biblio.iteso.mx/vufind/Record/000146851